000 002550000a22000970004500
100 1 _aDuque Zuñiga, José
245 1 0 _aEclesialidad de la iglesia
300 _aVol. 15, Num 2 (Noviembre, 1995), Páginas 49-61
773 0 _tVida y pensamiento
942 _cANA
999 _c53061
_d53061